01560nam a2200421 i 45000010005000000030009000050050017000140080039000310150016000700400048000860410013001340460009001470800008001561000026001642450144001902460055003342600055003893000039004443360027004833370054005103380028005643800017005923850019006093880014006285040034006425210024006766500035007006580028007356500014007636500016007776500036007937000030008297000039008597000052008987100041009507000050009918560097010418246KOSZ 00520230213142719.0080821s1962 pl a f 001 0 pol aPB 1963/191 aWA NcKOSZ 005/RWdKOSZ 005/RWdKOSZ 005/HR1 apolheng k1962 a6201 aFinnie, Iain.eAutor.10aPełzanie materiałów konstrukcyjnych /cIain Finnie, William R. Heller ; [tł. Zbigniew Bychawski, Zbigniew Orłoś, Jerzy T. Pindera].1 iTyt. oryg.:aCreep of engineering materialsf1959. aWarszawa :bWydawnictwa Naukowo-Techniczne,c1962. a335, [1] s. :bil., err. ;c25 cm. 2rdacontentaTekstbtxt 2rdamediaaBez urządzenia pośredniczącegobn 2rdacarrieraWoluminbnc aKsiążki. aInżynierowie a1901-2000 aBibliogr. przy rozdz. Indeks.8 aDla inżynierów. 4aPełzanie (materiałoznawstwo) aInżynieria i technika 4aMechanika 4aKonstrukcje 4aWytrzymałość materiałów1 aHeller, William R.eAutor1 aBychawski, Zbigniew.eTłumaczenie1 aPindera, Jerzy Tadeuszd(1914- ).eTłumaczenie2 aWydawnictwa Naukowo-Techniczne4pbl.1 aOrłoś, Zbigniewd(1921-2014)eTłumaczenie uhttp://koha.tu.koszalin.pl/cgi-bin/koha/opac-detail.pl?biblionumber=8246yKatalog online BPK